Juice WRLD - Wishing Well Lyrics - Statistics

General Stats
  • This quiz has been taken 129 times
  • The average score is 311 of 424
Answer Stats
Lyrics % Correct
I
98%
well
95%
the
94%
wishing
94%
a
92%
my
92%
to
90%
I’m
88%
in
88%
for
86%
oh
86%
can’t
84%
know
84%
no
84%
but
83%
But
83%
pain
83%
Still
83%
still
83%
breathe
81%
exhale
81%
me
81%
on
81%
On
81%
Waiting
81%
waiting
81%
wishes
81%
do
80%
even
80%
fail
80%
though
80%
try
80%
don’t
78%
gon’
78%
Drugs
77%
drugs
77%
feel
77%
it
77%
and
76%
how
76%
Stress
76%
stress
76%
toss
76%
Toss
76%
like
75%
luck
75%
anvil
72%
be
72%
is
72%
This
72%
with
72%
You
72%
you
72%
Sometimes
71%
real
69%
shoulders
67%
softly
67%
them
67%
killing
65%
all
64%
got
64%
depression
63%
Ring
63%
ring
63%
take
63%
want
63%
part
61%
tell
61%
worry
61%
as
60%
from
60%
weapon
60%
999
59%
addiction
59%
memories
59%
need
59%
other
59%
call
58%
fiction
58%
fine
58%
line
58%
lyin’
58%
Perky
58%
phone
58%
talk
58%
where
58%
anthill
57%
cry
57%
devil
57%
hide
57%
itching
57%
just
57%
past
57%
feelings
55%
help
55%
miss
55%
listen?
54%
they
54%
hurt
53%
it’s
53%
It’s
53%
out
53%
Hill
52%
of
52%
nobody
51%
yeah
51%
broke
49%
fix
49%
Speaking
49%
here
48%
If
48%
if
48%
pills
48%
finished
47%
I’ma
47%
used
47%
alone
46%
‘Cause
46%
‘em
46%
wasn’t
46%
won’t
46%
feels
45%
until
45%
Let’s
43%
taking
43%
keep
42%
these
42%
Somethin’
41%
wouldn’t
41%
secret
40%
told
40%
think
39%
pieces
36%
Lauryn
35%
now
33%
really
33%
Mm
31%
mm
31%
tearing
31%
uh
31%
y’all
29%
stopped
25%
(Chopsquad)
18%
No matching quizzes found
Score Distribution
Percent of People with Each Score
Percentile by Number Answered
Your Score History
You have not taken this quiz